000 00284nam a2200097Ia 4500
001 639945
005 20250826153437.0
008 250824s9999 xx 000 0 und d
245 0 _aSEKSEN GÜNDE DEVRİALEM ANTİK DÜNYA KLASİKLERİ
_cJULES VERNE
260 _bANTİK DÜNYA KLASİKLERİ
999 _c639945
_d639945